000 00737cam a2200217 a 4500
001 000009390
005 20200929161557.0
008 920813s1991 pr 001 f spa
020 _a084773675X
035 _a(DLC) 92199555
040 _aDO-SdBNP
_cDLC
_dBNPHU
082 _aPR863.44
_bA277e
100 1 _aAgrait, Gustavo,
_d1909-
_924171
245 1 3 _aEl extraño caso de :
_bquién? /
_cGustavo Agrait.
260 _aSan Juan, (Puerto Rico) :
_bUniversidad de Puerto Rico :
_bCentro de Estudios Avanzados de Puerto Rico y el Caribe,
_c1991.
300 _a168 p. ;
_c23 cm.
650 4 _aNovela puertorriqueña
_91185
650 4 _aLiteratura puertorriqueña
_ySIGLO XX
_95311
910 _aCatalogación por copia / LC
049 _aBNGR
999 _c9150
_d9150